000 00648cab a2200205 4500
001 WB2643-41
008 090401t1990 xxu||||| |||| 00| 0 eng d
035 _a(Sirsi) u9399
041 _aeng
245 _aChartered builders vote in favour of approved list
260 _c1990
350 _a0
490 _aBuilding
_vvol 255 no 7670 26/10/90 p9
520 _a90% of CIOB members have voted in favour of creating a chartered builder company scheme. (See also WB2640-44).
650 _aQUALITY ASSURANCE
650 _aQUALITY MANAGEMENT
690 _aMANAGEMENT-BUSINESS MANAGEMENT-PROFESSIONAL PRACTICE
942 _n0
948 _c04/03/1997
999 _c5864
_d5864